=LDR 00000nam 2200000 4500 =001 INLIS000000000043532 =005 20131008103411 =008 ***********************************ind** =035 ##$$0010-101300000001454 =041 ##$$a ind =082 ##$$a 789.495 985 2 =100 ##$$aa789.495 985 2, Sur a =245 ##$$a SURYODININGRAT, RM. Wasisto =260 ##$$a An Introduction to Javanese gamelan music, RM. Wasisto Surjohiningrat =300 ##$$a 1996 $b Yogyakarta =650 ##$$a ix, 88 hlm, ilus, 30 cm =850 ##$$a GAMELAN JAWA